| 000 | 00727nam a22002177a 4500 | ||
|---|---|---|---|
| 999 |
_c10249 _d10249 |
||
| 003 | AR-CdUCM | ||
| 008 | 190327b ||||| |||| 00| 0 spa d | ||
| 040 |
_aMUNICIPALIDAD PROVINCIAL DEL CUSCO _cBIBLIOTECA MUNICIPAL DEL CUSCO |
||
| 082 |
_a309.85 / _bG88 / 1972 |
||
| 100 |
_aGuevara, Guillermo J. _926991 |
||
| 245 | _aRijchari Perú, Carajo / | ||
| 260 |
_aLima : _bCIP, _c1972. |
||
| 300 |
_a93 paginas ; _c17 cm. |
||
| 500 | _aDonación de la familia Nieto | ||
| 505 | _aContenido: Ensayo de ideología -- Marcialidad cobriza -- Afabetización -- Alcoholismo, cocaismo -- Reforma agraria ... | ||
| 650 |
_aPoesia _95517 |
||
| 650 |
_aLiteratura _983 |
||
| 650 |
_aPerú _935 |
||
| 942 |
_2ddc _cLIBROS |
||
| 945 | _aacv | ||